00738nam a2200169 a 450000100100000000500170001000800410002704000250006810000460009324500800013926000450021930000200026449000650028450001430034965100420049265100340053400001635720200929164404.0500101s1960 mx 000 0dspa d aDO-SdBNPbspacBNPHU1 aJijón y Caamaño, Jacinto,d1890-1950.10aJacinto Jijón y Caamaño /cestudio y selecciones de Julio Tobar Donoso. aPuebla, México :bJ. M. Cajica,c1960. a475 p. ;c21cm.0 aBiblioteca ecuatoriana mínima. La colonia y la república aA cabeza de tít.: Publicación auspiciada por la Secretaría General de la Undécima Conferencia Interamericana, Quito, Ecuador, 1960 0aEcuadorxPolítica Y Gobiernoy1830- 0aEcuadorxCondiciones Sociales